Lesbian realities/lesbian fictions in contemporary Spain (Record no. 127145)
[ view plain ]
| 000 -LEADER | |
|---|---|
| fixed length control field | 01469nam a2200373Ia 4500 |
| 082 04 - DEWEY DECIMAL CLASSIFICATION NUMBER | |
| Classification number | 863/.7093526643 |
| 245 00 - TITLE STATEMENT | |
| Title | Lesbian realities/lesbian fictions in contemporary Spain |
| 260 ## - PUBLICATION, DISTRIBUTION, ETC. (IMPRINT) | |
| Place of publication | Lewisburg : |
| Name of publisher | Bucknell University Press, |
| Year of publication | c2011. |
| 300 ## - PHYSICAL DESCRIPTION | |
| Number of Pages | 279 p. |
| 650 #0 - SUBJECT ADDED ENTRY--TOPICAL TERM | |
| Topical Term | Gender identity |
| Topical Term | Lesbian culture |
| Topical Term | Lesbianism in literature. |
| Topical Term | Spanish fiction |
| Topical Term | Spanish fiction |
| 700 1# - ADDED ENTRY--PERSONAL NAME | |
| Personal name | Collins, Jacky. |
| Personal name | Vosburg, Nancy, |
| 856 40 - ELECTRONIC LOCATION AND ACCESS | |
| Uniform Resource Identifier | http://site.ebrary.com/lib/rucke/Doc?id=10459025 |
No items available.
